000 01106nam1a22002411i 4500
001 rc\3929094
005 20240724170754.0
035 _a(NLR Aleph) 008031047
090 _a8821272
_c8821272
100 _a20130415d1953 |||y0rusy50 ca
101 0 _arus
102 _aRU
105 _a z |||||
200 1 _aРасчет разбивки и укладки соединений и пересечений рельсовых путей
_eПособие для студентов
_eЧ. 1-
_fМ-во путей сообщения СССР. Ленингр. ордена Ленина ин-т инженеров ж.-д. транспорта им. акад. В.Н. Образцова
210 _aЛенинград
_cБ. и.
_d1953
215 _d27
300 _aПеред загл. авт.: С.В. Амелин, д-р техн. наук проф.
606 _aПуть (ж.-д.)
_xСоединения и пересечения
_2psbo
700 1 _aАмелин
_bС.В.
_gСтепан Васильевич
801 0 _aRU
_bNLR
_gpsbo
801 1 _aRU
_bELAR
_2rusmarc
852 _aNLR
_jТ88 Г-7/154
942 _cBOOK